Countries i've visited - End of 2025 - Statistics

General Stats
  • This quiz has been taken 7 times
  • The average score is 19 of 29
Answer Stats
Hint Answer % Correct
Europe France
100%
Europe Germany
100%
Europe Greece
100%
Europe Italy
100%
Europe Poland
100%
Oceania Australia
83%
Europe Belgium
83%
Asia India
83%
Europe Netherlands
83%
Europe Portugal
83%
Europe Spain
83%
Europe Switzerland
83%
Europe Turkey
83%
Asia UAE
83%
Europe Austria
67%
Europe Malta
67%
Europe San Marino
67%
South America Colombia
50%
Europe Cyprus
50%
Europe England
50%
Asia Malaysia
50%
Europe Monaco
50%
Europe Wales
50%
North America Antigua and Barbuda
33%
Asia Indonesia
33%
Asia Oman
33%
Asia Qatar
33%
Europe Slovenia
33%
North America Barbados
17%
No matching quizzes found
Score Distribution
Percent of People with Each Score
Percentile by Number Answered
Your Score History
You have not taken this quiz